| 000 | 00481nam a2200181Ia 4500 | ||
|---|---|---|---|
| 003 | GCL | ||
| 008 | 140319s9999 xx 000 0 eng d | ||
| 040 |
_aGCL / _cGCL |
||
| 082 | 0 | 4 |
_a541.3 _bS P |
| 100 | 1 | _aSHARMA, K. K. | |
| 245 | 1 | 0 |
_aPROBLEM IN PHYSICAL CHEMISTRY / _cSHARMA, K. K. |
| 260 |
_a[S.N] : _bVIKAS PUBLISHING HOUSE PVT. LTD ، _c1994 |
||
| 300 | _a318\P | ||
| 650 | 0 | 4 | _aTHERMODYNAMICS |
| 650 | 0 | 4 | _aPHYSICAL CHEMISTRY |
| 650 | 0 | 4 | _aEQUILIBRIUM |
| 942 |
_2ddc _cBK |
||
| 999 |
_c20121 _d20121 |
||